Statistics for U.S. States That Beat Canada

Click here to take the quiz!

General Stats

  • This quiz has been taken 9,610 times
    (9,560 since last reset)
  • The average score is 11 of 15

Answer Stats

RankCategoryAnswer% Correct
2Highest populationCalifornia
99%
4Lowest population densityAlaska | Wyoming | Montana
97%
4Highest % immigrantsCalifornia | New Jersey | New York
97%
4Most tornadoes annuallyTexas | Kansas | Oklahoma
89%
8Oldest median ageMaine | Vermont | New Hampshire | West Virginia |
Florida | Connecticut | Delaware
87%
6Highest % Indigenous populationAlaska | New Mexico | South Dakota |
Oklahoma | Montana
86%
2Highest maximum elevationAlaska
82%
2Most populous city on the Great LakesIllinois
81%
3Most populous capital city
* city proper population
Arizona | Texas
74%
2Highest population living on islandsNew York
71%
2Highest % of commuters using
public transit
New York
69%
3Most coal minedWyoming | West Virginia
65%
4Lowest GDP per capita
* 2019, nominal
Mississippi | West Virginia | Arkansas
60%
2Highest life expectancyHawaii
38%
2Highest % CatholicRhode Island
23%

Score Distribution

Percentile by Number Answered

Percent of People with Each Score

Your Score History

You have not taken this quiz since the last reset